| 000 | 02511nam a2200421 c 4500 | ||
|---|---|---|---|
| 003 | BLK | ||
| 005 | 20180422120847.0 | ||
| 008 | 180411b bul|||||r ||||||| ||bul|| | ||
| 010 | _aKNG00217256000 | ||
| 040 | _aBLK | ||
| 041 |
_aBUL _cBUL |
||
| 080 |
_aПедиатрия. Детски болести. Вж и 613.22 ; 613.95 _b616-053.2 _x _z616-053.2 |
||
| 100 | 1 |
_aАтанасов, Васил Симеонов _eпърви автор _9384755 |
|
| 700 | 1 |
_aБойкинов, Борис Господинов _e* _9364573 |
|
| 700 | 1 |
_aВълканов, Вълкан Вълчев _e* _9386821 |
|
| 700 | 1 |
_aГенев, Евгений Драганов _e* _9371415 |
|
| 700 | 1 |
_aДюкмеджиев, Иван Стефанов _e* _9386822 |
|
| 700 | 1 |
_aКръстев, Богдан Петров _e* _9386823 |
|
| 700 | 1 |
_aМихайлова, Елена Кирилова _eсъавт. _9365417 |
|
| 700 | 1 |
_aМихов, Христо Нинов _eсъавт. _9363847 |
|
| 139 |
_aСемиотика на детските болести _bС 32 |
||
| 245 | 1 | 0 |
_aСемиотика на детските болести _cВасил Симеонов Атанасов; * Борис Господинов Бойкинов; * Вълкан Вълчев Вълканов; * Евгений Драганов Генев; * Иван Стефанов Дюкмеджиев; * Богдан Петров Кръстев; съавт. Елена Кирилова Михайлова; съавт. Христо Нинов Михов. |
| 250 | _a2. доп. изд. | ||
| 257 | _aBGR | ||
| 260 |
_аСофия _bМедицина и физкултура _c1989 _f(Пловдив : Д. Благоев) |
||
| 300 |
_a391 с. _bс ил. _c22 см |
||
| 380 | _a61 | ||
| 500 | _aДруги авт. : Б. Г. Бойкинов, В. В. Вълканов, Е. Др. Генев, Ив. Ст. Дюкмеджиев, Б. К. Кръстев, Е. К. Михайлова, Хр. Н. Михов, Н. Хр. Мумджиев, Иш. С. Ниньо, Ст. Н. Поборникова, Вл. П. Спасов, отбелязани на с. 5. 1. изд. 1984 4 806 тир. - Рез. на рус., англ. ; Азб. указ. на симптомите. | ||
| 650 | 4 |
_aДетски болести - диагностика _9246016 |
|
| 653 | _aсемиотика | ||
| 653 | _aдетски болести | ||
| 653 | _aпедиатрия | ||
| 852 | _aЦб 157038 | ||
| 856 | 4 |
_qpdf _u |
|
| 856 | 4 |
_qpdf _u |
|
| 942 |
_cKNG _n0 |
||
| 944 |
_aCR _c13.03.2018 _kИрена_Линкова |
||
| 944 |
_aED _c13.03.2018 _kИрена_Линкова |
||
| 999 |
_c207494 _d207494 |
||